Happiest countries - Statistics

General Stats
  • This quiz has been taken 21 times
  • The average score is 19 of 25
Answer Stats
Rank Country Score % Correct
1 Finland 7.632
100%
2 Norway 7.594
100%
18 United States 6.886
100%
10 Australia 7.272
95%
7 Canada 7.328
95%
15 Germany 6.965
95%
8 New Zealand 7.324
95%
9 Sweden 7.314
95%
19 United Kingdom 6.814
95%
16 Belgium 6.927
86%
3 Denmark 7.555
86%
23 France 6.489
86%
4 Iceland 7.495
86%
14 Ireland 6.977
86%
6 Netherlands 7.441
86%
5 Switzerland 7.487
81%
12 Austria 7.139
71%
17 Luxembourg 6.910
71%
21 Czech Republic 6.711
62%
24 Mexico 6.488
57%
25 Chile 6.476
48%
11 Israel 7.190
48%
22 Malta 6.627
43%
20 United Arab Emirates 6.774
43%
13 Costa Rica 7.072
14%
No matching quizzes found
Score Distribution
Percent of People with Each Score
Percentile by Number Answered
Your Score History
You have not taken this quiz